Ferrocarriles carboníferos de Cataluña : reseña del proyecto de estas lineas y de la necesidad de construirlas / Celso Xaudaró reseña del proyecto de estas lineas y de la necesidad de construirlas / Celso Xaudaró
Descripción Física:
[5] p. ; 32 cm + 1 mapa
Materias:
Ferrocarrils -- Catalunya -- Projectes
MARC
| LEADER | 00000nam a2200000Ia 4500 | ||
|---|---|---|---|
| 001 | 17601 | ||
| 008 | 160829s1891 xx 000 0 cat d | ||
| 080 | |a 1406 | ||
| 100 | |a Xaudaró i Rovira, Cels |9 48088 | ||
| 245 | |a Ferrocarriles carboníferos de Cataluña : |b reseña del proyecto de estas lineas y de la necesidad de construirlas / Celso Xaudaró | ||
| 260 | |a Barcelona : |b [s.n.], |c 1891 | ||
| 300 | |a [5] p. ; |c 32 cm + 1 mapa | ||
| 650 | |a Ferrocarrils |x Catalunya |x Projectes |9 46718 | ||
| 901 | |a Arxiu | ||
| 942 | |n 1 | ||
| 952 | |0 0 |1 0 |4 0 |6 1406 |7 1 |9 54317 |a Arxiu |b Arxiu |d 2016-12-01 |l 0 |o 1406 |p 17601 |r 2016-12-01 00:00:00 |w 2016-12-01 |y ARXIU | ||
| 999 | |c 58186 |d 58186 | ||